| 000 | 00945cam a22002531i 4500 | ||
|---|---|---|---|
| 003 | SA-RiAUC | ||
| 005 | 20250220081602.0 | ||
| 008 | 250218s2010 ku g f000 f ara c | ||
| 040 |
_aSA-MaMIU _bara _cSA-RiAUC _erda |
||
| 082 | 0 | 4 |
_a813.03 _qSA-RiAUC |
| 090 |
_a813.03 _b ي و س |
||
| 100 | 1 |
_aيوسف، عبد الباقي _eمؤلف. |
|
| 245 | 1 | 0 |
_aإمام الحكمة : _bرواية / _cعبد الباقي يوسف. |
| 250 | _aالطبعة الأولى. | ||
| 264 | 1 |
_aالكويت : _bوزارة الأوقاف والشؤون الإسلامية، _c2010 |
|
| 300 |
_a216 صفحة ؛ _c21 سم. |
||
| 336 |
_aنص _btxt _2rdacontent _3كتاب |
||
| 337 |
_aبدون وسيط _bn _2rdamedia |
||
| 338 |
_aمجلد _bnc _2rdacarrier |
||
| 490 | 0 |
_aسلسلة إصدارت روافد ؛ _v27 |
|
| 650 | 7 |
_aالقصص العربية _zسوريا _yقرن 21 _2aucsh |
|
| 942 |
_2ddc _cBOOK _n0 |
||
| 949 |
_aSA-JeALM _d250218 _uosman123 _n1 |
||
| 999 |
_c6114 _d6114 |
||